Quizzes
Events
Quiz Creation
Community
Videos
Private Events
Remove Ads
Sign In
Join for FREE
Feedback
Dark Mode
Quiz Categories
Sports
Geography
Music
Movies
Television
Just For Fun
Miscellaneous
History
Literature
Language
Science
Gaming
Entertainment
Religion
Holiday
For Kids
Quiz Lab
Recent
Popular Today
Quiz Kudos Today
Editor Picks
Curator Picks
Quizzes by...
Day
Popularity
Type
Ratings
Length
Year
Community
Subscriptions
Recent Discussions
Orange Saloon
Badges
Playlists
Quests
Create
Leaderboards
Showdown
Live 5
Trivia Bingo
Activity
Puzzle Library
Sporcle Events
Private Events
Virtual Trivia
Globe League
Become a Host
Pub Owners
SporcleCon
Opinionation
Our Games
Videos
Blog
Mobile Apps
Partnerships
Remove Ads and Go Orange
Feedback
Television
TV Characters
TV Show
Sitcom
Network
Friends
Reality Shows
Cast
South Park
Star Trek
The Simpsons
Doctor Who
Television
TV Characters
TV Show
Sitcom
Network
Friends
Reality Shows
Cast
South Park
Star Trek
The Simpsons
Doctor Who
Random Quiz
Search Sporcle
×
Quiz Lab
Quiz Lab
Television
name
Select answers by clicking on text or image buttons
Select answers by clicking on text or image buttons
Clickable
Best Score? Go Orange.
Key and Peele East West Bowl 2 names. Real or fake? Stats
Can you name the Key and Peele East West Bowl 2 names. Real or fake?
By
grantlroth
3m
30 Questions
565 Plays
565 Plays
565 Plays
Comments
Comments
Give Quiz Kudos
Give Quiz Kudos
-
- Ratings
hide this ad
Random Order
Randomize order of answers
Randomize order of answers
Replay
Link that replays current quiz
Next Quiz
Link to next quiz in quiz playlist
You Got
0%
They Got
Avg Score
86%
Avg Friend Score
Upgrade to see
Score Distribution
Jump to the score distribution portion of the page
Score
0/30
Timer
03:00
0
Plays Today
% Correct
Huka'Lakanakahukanakaheekalucka'hukahakafaka
92.4%
Jammie Jammie-Jammie
91%
Firstname Lastname
90.4%
Squeeeeeeeeeeps
90.1%
A. A. Ron Balakay
89.9%
Megatroid Skittle
89.7%
Fartrell Cluggins
88.8%
Benedict Cumberbatch
88.7%
Bisquiteen Trisket
88.5%
Fudge
88.5%
Quiznatodd Bidness
88.3%
DPez Poopsie
88%
Bismo Funyuns
87.8%
Nyquillis Dillwad
87.1%
Quackadilly Blip
87.1%
% Correct
Ladadadaladadadadadadaladadaladaladalada
87.1%
Harvard University
87.1%
Morse Code
86.7%
Dahistorius Lamystorius
86.5%
Ewokoniad Sigourneth Juniorstein
85.3%
Cartoons Plural
85.1%
Equine Ducklings
85.1%
Ladennifer Jadaniston
85.1%
Elipses Corter
84.4%
Goolius Boozler
84.4%
Eqqsquizitine Buble-Schwinslow
83.7%
Decatholac Mango
83.4%
Blyrone Blashington
83.4%
Coznesster Smiff
83%
King Prince Chambermaid
81.9%
Quiz Playlist
Details
Report
Send in Message
Add To Playlist
Clickable:
Select answers by clicking on text or image buttons
Random Order:
Randomize order of answers
Last Updated: Feb 21, 2017
Quiz Scoreboard
CHALLENGE
Sign Up to Join the Scoreboard
Show All
Scores
Hide
Comments
May contain spoilers
Recently Published
1-10 Letter E Words III
by El_Dandy
Language
2m
One Thing in Common: World Cities II
by knightlancer
Geography
7m
Popular People in 1961
by mucciniale
History
6m
More to Explore
Quiz From the Vault
Featured Blog Post
Where Did the Easter Bunny Come From?
hide this ad
You Might Also Like...
Tags
Bowl
Comedy
East-west
fake
name
Today's Top Quizzes in Television
Browse Television
hide this ad
Today's Top Quizzes in name
Browse name
Top Contributed Quizzes in Television
1
One Piece Logic Puzzle
2
Survivor Logic Puzzle: Heroes vs. Villains
3
Survivor Seasons
4
Survivor Season by Logo
5
Ultimate Survivor Logic Puzzle
6
Survivor Logic Puzzle: Winners at War
7
Survivor Trivia
8
Survivor Heroes vs. Villains Logic Puzzle
9
All US Survivor Seasons in Order
10
Emmerdale Characters (from August 2012)
Explore More
Trending Topics
NBA
Crossword
Anime
Marvel
Disney
Harry Potter
Kpop
The Office
Country
WWE
Pokémon
Puzzle
Song
NFL
Soccer
hide this ad
More By:
grantlroth
Quiz
Plays
Rating
Category
Featured
Created
Key and Peele East West Bowl 2 names. Real or fake?
565
5.00
Television
Nov 8, 2013
NFL Teams...Real or Fake?
491
3.08
Sports
Nov 9, 2013
Famous Comedic Actors
184
4.00
Movies
Nov 15, 2013
Common NFL Positions Speed Quiz!
167
3.00
Sports
Nov 7, 2013
2013 Projected Best NFL Passers
156
1.00
Sports
Jul 31, 2012
Go to Creator's Profile
Score Distribution
Quiz Creator Spotlight
grantlroth
Follow
Send a Message
Quizzes Created
-
Created Quiz Play Count
-
More By This Creator
Popular Quizzes Today
1
Find the US States - No Outlines Minefield
2
The Countries of the World
3
Popular People in 1961
4
Find the Countries of Europe - No Outlines Minefield
5
1-10 Letter E Words III
6
Find the US States
7
One Thing in Common: World Cities II
8
US States
More Television Quizzes
Stop the Planet of the Apes I Want to Get Off!
Published
Trending Quizzes
1-10 Letter F Words
One Thing in Common: Music
1-10 Letter G Words
Risky Map Clicking: Next State Alphabetically
1-10 Letter F Words II
Recently Updated
Leaping Animals
pecheneg
Reality TV Shows (A-Z)
bhenderson79
Rickey Henderson's Hall of Fame Teammates
pecheneg
Champions League XIs: Arsenal
pecheneg
Quick Pick: Celebrities in WWE's Hall of Fame
aduchscher
A-Z Keypad Blitz II
pecheneg
Multiple Oscar Actors
pecheneg
Mystery Phrase Blitz: Oscar 'Best Actors'
pecheneg
F. Scott Fitzgerald Novels
LTH
Pick 3 Villains
ddd62291
Trending Topics
Disney
NBA
Marvel
Harry Potter
Anime
Kpop
Crossword
Song
Puzzle
Soccer
WWE
The Office
NFL
Pokémon
Country
Your Account Isn't Verified!
In order to create a playlist on Sporcle, you need to verify the email address you used during registration. Go to your
Sporcle Settings
to finish the process.
Report this User
Report this user for behavior that violates our
Community Guidelines
.
Details:
Send Report
Go to the Sporcle.com Mobile Site →
Comments